书目信息 |
| 题名: |
老年常见疾病临床手册
|
|
| 作者: | 陆惠华 , 盛净 主编 | |
| 分册: | ||
| 出版信息: | 广州 广东世界图书出版有限公司 2006 |
|
| 页数: | 613页 | |
| 开本: | 18cm | |
| 丛书名: | 现代医学常备系列 | |
| 单 册: | ||
| 中图分类: | R592-62 | |
| 科图分类: | ||
| 主题词: | 老年病:常见病--Lao Nian Bing :chang Jian Bing--诊疗--手册 | |
| 电子资源: | ||
| ISBN: | 7-5062-7478-7 | |
| 000 | 00981nam 2200265 450 | |
| 001 | CAL 012006043085 | |
| 005 | 20061122105832.20 | |
| 010 | @a7-5062-7478-7@dCNY 48.00 | |
| 099 | @aCAL 012006043085 | |
| 100 | @a20060208d2006 ekmy0chiy0121 ea | |
| 101 | 0 | @achi |
| 102 | @aCN@b440000 | |
| 200 | 1 | @a老年常见疾病临床手册@ALao Nian Chang Jian Ji Bing Lin Chuang Shou Ce@f陆惠华, 盛净主编 |
| 210 | @a广州@c广东世界图书出版有限公司@d2006 | |
| 215 | @a613页@d18cm | |
| 225 | 2 | @a现代医学常备系列@AXian Dai Yi Xue Chang Bei Xi Lie |
| 330 | @a本书全面系统地介绍老年疾病的临床特点、用药的特殊性、常见的症状、常见疾病的临床表现与诊疗、常见诊断标准及常见实验室检查。 | |
| 333 | @a供广大老年医学专业人员阅读。 | |
| 410 | 0 | @12001 @a现代医学常备系列 |
| 606 | 0 | @a老年病:常见病@ALao Nian Bing :chang Jian Bing@x诊疗@j手册 |
| 690 | @aR592-62@v4 | |
| 701 | 0 | @a陆惠华@ALu Hui Hua@4主编 |
| 701 | 0 | @a盛净@ASheng Jing@4主编 |
| 801 | @aCN@c20061122 | |
| 905 | @a10447@dR592-62@eL842 | |
| 老年常见疾病临床手册/陆惠华, 盛净主编.-广州:广东世界图书出版有限公司,2006 |
| 613页;18cm.-(现代医学常备系列) |
| 使用对象:供广大老年医学专业人员阅读。 |
| ISBN 7-5062-7478-7:CNY 48.00 |
| 本书全面系统地介绍老年疾病的临床特点、用药的特殊性、常见的症状、常见疾病的临床表现与诊疗、常见诊断标准及常见实验室检查。 |
| ● |
| 相关链接 |
|
|
|
正题名:老年常见疾病临床手册
索取号:R592-62/L842
 
预约/预借
| 序号 | 登录号 | 条形码 | 馆藏地/架位号 | 状态 | 备注 |
| 1 | 614914 | 206149149 | 自科库401/401自科库 19排2列2层/ [索取号:R592-62/L842] | 在馆 | |
| 2 | 614915 | 206149158 | 自科库401/401自科库 19排2列2层/ [索取号:R592-62/L842] | 在馆 | |
| 3 | 614916 | 206149167 | 自科库401/401自科库 19排2列2层/ [索取号:R592-62/L842] | 在馆 |